=LDR 00000nam 2200000 4500 =001 INLIS000000000022910 =005 20130612121623 =008 ***********************************Ind** =035 ##$$0010-061300000022910 =041 ##$$a Ind =082 ##$$a 909.076 =090 ##$$a 909.076, Wil t =100 ##$$a Williams, Brian =245 ##$$a Tanya jawab dan jawab ensiklopedi sejarah deunia, Brian Williams; alih bahasa Indri Yuli Astuti =260 ##$$a 2005 $b Bandung =300 ##$$a 40 hlm, ilus, 28 cm =650 ##$$a Sejarah Dunia =850 ##$$a NBPNMAT